Γεωγραφική και υψομετρική κατανομή του ανθικού χρώματος : [μεταπτυχιακή διατριβή]

Αποθηκεύτηκε σε:
Λεπτομέρειες βιβλιογραφικής εγγραφής
Κύριος συγγραφέας: Θηβαίου, Χαρίκλεια
Συγγραφή απο Οργανισμό/Αρχή: Πανεπιστήμιο Αιγαίου Σχολή Κοινωνικών Επιστημών Τμήμα Γεωγραφίας Μεταπτυχιακό Πρόγραμμα Σπουδών Γεωγραφία και Εφαρμοσμένη Γεωπληροφορική
Άλλοι συγγραφείς: Πετανίδου, Θεοδώρα (dgsf)
Μορφή: Thesis Βιβλίο
Γλώσσα:Greek
Δημοσίευση: 2012.
Θέματα:
Ετικέτες: Προσθήκη ετικέτας
Δεν υπάρχουν, Καταχωρήστε ετικέτα πρώτοι!

MARC

LEADER 00000cam a2200000 a 4500
001 1/110274
008 160310s2012####gr d ||| |||| ||gre||
040 |a GR-MyUa  |b gre  |c GR-MyUa  |e AACR2 
041 0 |a gre 
082 7 |a 582   |2 (23)  
100 1 |a Θηβαίου, Χαρίκλεια. 
245 1 0 |a Γεωγραφική και υψομετρική κατανομή του ανθικού χρώματος :   |b [μεταπτυχιακή διατριβή] /   |c Θηβαίου Χαρίκλεια ; επιβλέπουσα καθηγήτρια: Πετανίδου Χαρίκλεια.  
260 |c 2012.  
300 |a 77 σ. :   |b διαγρ. ;   |c 24 εκ.  
500 |a Μέλη τριμελούς επιτροπής: Δημητρακόπουλος Παναγιώτης, Tsceulin Thomas.  
502 |a Διατριβή (μεταπτυχιακή) – Πανεπιστήμιο Αιγαίου, Λέσβος, 2012. 
504 |a Περιλαμβάνει βιβλιογραφία.  
650 0 |a Plants, Flowering of. 
650 0 |a Flowers  |x Color. 
650 0 |a Wild flowers  |x Ecology. 
700 1 |a Πετανίδου, Θεοδώρα,  |e dgsf 
710 2 |a Πανεπιστήμιο Αιγαίου  |b Σχολή Κοινωνικών Επιστημών  |b Τμήμα Γεωγραφίας  |b Μεταπτυχιακό Πρόγραμμα Σπουδών Γεωγραφία και Εφαρμοσμένη Γεωπληροφορική. 
852 |a INST  |b LESVOS  |c DIATR  |e 20160310  |h 273  |p 005100057391  |q 005100057391  |t MTXE  |y 23 
852 |a INST  |b LESVOS  |c DIATR  |e 20160310  |h 274  |p 005100057392  |q 005100057392  |t MTXE  |y 23 
924 |a Θηβαίου  |b Χαρίκλεια  |y Λέσβος  |z 2013-12 
970 |a Τζαφέρη  |b Ευαγγελία  |z 10-03-2016